Âm mưu hội Tam Hoàng

Đã lưu trong:
书目详细资料
主要作者: Andrey Levin
格式: 图书
语言:Undetermined
出版: Hà Nội Thanh Niên 1985
主题:
标签: 添加标签
没有标签, 成为第一个标记此记录!
Thư viện lưu trữ: Trung tâm Học liệu Trường Đại học Cần Thơ
LEADER 00482nam a2200169Ia 4500
001 CTU_32596
008 210402s9999 xx 000 0 und d
082 |a 891.7 
082 |b L665 
100 |a Andrey Levin 
245 0 |a Âm mưu hội Tam Hoàng 
245 0 |c Andrey Levin, Trịnh Xuân Hoành 
260 |a Hà Nội 
260 |b Thanh Niên 
260 |c 1985 
650 |a russian fiction ( vietnamese ) 
980 |a Trung tâm Học liệu Trường Đại học Cần Thơ